000 00319nam a22001337a 4500
008 170816b xxu||||| |||| 00| 0 eng d
020 _a9780495763154
041 _aeng
080 _a51
100 _a36
101 _amat
245 _aCALCULUS SINGLE VARIABLE EARLY TRANSCENDENTAL
_cSTEWART.J
942 _2udc
_cBK
999 _c23645
_d23645